Best Simpsons Episodes A-Z - Statistics

General Stats
  • This quiz has been taken 15 times
  • The average score is 5 of 23
Answer Stats
Letter Season Rating Episode Title % Correct
T 6 9.2 Treehouse of Horror V
63%
H 8 9.3 Homer's Enemy
50%
S 3/5 8.6 Stark Raving Dad/$pringfield
50%
C 5 9.2 Cape Feare
38%
D 5 8.8 Deep Space Homer
25%
E 19 8.2 Eternal Moonshine of the Simpson Mind
25%
L 4 9.0 Last Exit to Springfield
25%
M 4 9.1 Marge vs. the Monorail
25%
W 6 9.2 Who Shot Mr. Burns? Part One
25%
Y 8 9.2 You Only Move Twice
25%
B 7 8.8 Bart Sells His Soul
13%
F 3 8.8 Flaming Moe's
13%
G 8 8.2 Grade School Confidential
13%
I 6 8.6 Itchy & Scratchy Land
13%
J 13 7.3 Jaws Wired Shut
13%
K 7 9.0 King Size Homer
13%
N 4 8.2 New Kid on the Block
13%
V 10 7.8 Viva Ned Flanders
13%
A 6 8.9 And Maggie Makes Three
0%
O 2 8.8 One Fish, Two Fish, Blowfish, Blue Fish
0%
P 13 7.8 Papa's Got a Brand New Badge
0%
R 5 8.8 Rosebud
0%
U 32 6.5 Undercover Burns/Uncut Femmes
0%
No matching quizzes found
Score Distribution
Percent of People with Each Score
Percentile by Number Answered
Your Score History
You have not taken this quiz